000 00643nam a2200277Ia 4500
005 20260324150648.0
008 008 260324s9999 xx 000 0 eng d
020 _a9781315020327
037 _aEBOOK
040 _aCRL
040 _beng
040 _cCRL
041 _2eng
041 _aeng
084 _qCRL
100 _aFrancis G. Walett
_91185614
245 0 _aEconomic History of the United States
260 _bTaylor and Francis
260 _c1954
365 _a
365 _b300
856 _uhttp://www.taylorfrancis.com/books/9781315020327
942 _cEBOOK
999 _c1837043
_d1837043